| 000 | 00478nam a2200181Ia 4500 | ||
|---|---|---|---|
| 003 | GCL | ||
| 008 | 140319s9999 xx 000 0 eng d | ||
| 040 |
_aGCL / _cGCL |
||
| 082 | 0 | 4 |
_a330.9 _bZ R |
| 100 | 1 | _aZRIOULI, MHAMED | |
| 245 | 1 | 0 |
_aLA REGION ECONOMIQUE AU MAROC / _cZRIOULI, MHAMED |
| 260 |
_a[S.N] : _bACHEVE D'IMPRIMER SUR LES PRESSES ، _c1990 |
||
| 300 | _a238\P | ||
| 650 | 0 | 4 | _aECONOMICS |
| 650 | 0 | 4 | _aPLANNING |
| 650 | 0 | 4 | _aMOROCCO - ECONOMY |
| 942 |
_2ddc _cBK |
||
| 999 |
_c20724 _d20724 |
||